000 01217nam0a2200361 4500
001 RU\NLR\bibl\222636
005 20250619104625.0
010 _z5-7330-0001-50
_91000
021 _aRU
_b2001-35640
_91695
035 _a(NLR Aleph) 000218689
090 _a1270699
_c1270699
100 _a20011129d2001 |||y0rusy50 ca
101 0 _arus
102 _aRU
105 _aa |||||||||
200 1 _a"Я под дудку рифм наплясалась..."
_e[стихи, поэмы]
_fЛидия Анискович
_g[худож. Е. Лютова]
210 _aМ.
_cМоск. Парнас
_d2001
215 _a143 с.
_cил.
_d21
327 1 _aСодерж.: поэмы: Кавказ; Тупики; стихи
675 _a821.161.1-1Анискович
_v3
_zrus
686 _a17.82
_2rugasnti
686 _a84(2Рос=Рус)6-5
_2rubbk
686 _aШ6(2=Р)75-5
700 1 _aАнискович
_bЛ. И.
_gЛидия Иосифовна
_4070
702 1 _aЛютова
_bЕ.
_4040
801 0 _aRU
_bRKP
_c20011129
_gPSBO
801 1 _aRU
_bRKP
_c20011129
801 2 _aRU
_bNLR
_c20020222
_grcr
942 _cBOOK
980 _aNB